000 01031cam a2200217 4500
001 WB3814-24
008 020416n2002 000 0 eng u
035 _a(Sirsi) u117519
245 _aExtra finance for farming and horticulture
260 _c2002
490 _aDEFRA News Release
_v(134/02) 10 April 2002, (1)
520 _aDEFRA publishes proposals for a Agricultural Development Scheme which would support certain projects that address priorities already identified in the report, 'The Future of Food and Farming'. This should offer farmers and growers up to £5m for improvements in competitiveness through better marketing. For DEFRA news release: http://www.defra.gov.uk/news/2002/020410c.htm. For the consultation document: http://www.defra.gov.uk/corporate/consult/adscheme/index.htm
590 _aWB
650 _aFARMING
650 _aHORTICULTURE
650 _aCOMPETITIVENESS
650 _aMARKETING
650 _aAGRICULTURE DEVELOPMENT SCHEME
690 _aRURAL-AGRICULTURE AND FORESTRY
942 _n0
999 _c69991
_d69991